[Event "TUR-chT 1st League"]
[Site "Denizli"]
[Date "2023.07.12"]
[Round "6.63"]
[White "Ataman, Alper Efe"]
[Black "Onay, Emrah"]
[Result "1-0"]
[WhiteElo "2067"]
[BlackElo "1833"]
[PlyCount "116"]
[EventDate "2023.07.09"]
[EventType "team-swiss"]
[EventRounds "9"]
[EventCountry "TUR"]
[SourceTitle "CBM 215 Extra"]
[Source "ChessBase"]
[SourceDate "2023.09.30"]
[SourceVersion "1"]
[SourceVersionDate "2023.09.30"]
[SourceQuality "1"]
[WhiteTeam "Bulancak Ihsaniye Genclik"]
[BlackTeam "Doktor Metin Surmeli"]
[WhiteTeamCountry "TUR"]
[BlackTeamCountry "TUR"]

1. d4 f5 2. g3 Nf6 3. Bg2 e6 4. Nf3 d5 5. 0-0 Bd6 6. c4 c6 7. b3 Qe7 8. Nbd2 Nbd7 9. Bb2 Ne4 10. Ne5 0-0 11. e3 Qf6 12. Ndf3 Qh6 13. Qc1 Ng5 14. Nxg5 Qxg5 15. Ba3 Qe7 16. Bxd6 Qxd6 17. Qb2 b6 18. Rfc1 Bb7 19. b4 Rfc8 20. a4 a6 21. c5 bxc5 22. bxc5 Qc7 23. Nxd7 Qxd7 24. Rab1 Rc7 25. a5 Bc8 26. Qc3 Rb7 27. Rb6 Rxb6 28. cxb6 Bb7 29. Qa1 Qd6 30. f4 Rc8 31. Rc5 Kf7 32. Bf1 Ra8 33. Bd3 Rc8 34. Qf1 Ra8 35. Qh3 Kg8 36. Qf1 Kf7 37. Kf2 Kg8 38. Ke2 Kf7 39. Kd2 Kg8 40. Kc3 Kf7 41. Kb3 Kg8 42. Qe2 g6 43. g4 Qe7 44. Qg2 Kf7 45. g5 Kg7 46. h4 Kg8 47. Be2 Kf7 48. h5 Kg8 49. Qh3 Qf7 50. Rc1 Qg7 51. Qf1 Qe7 52. Qe1 Kf7 53. Qb4 Rh8 54. Rh1 Qd8 55. hxg6+ hxg6 56. Rxh8 Qxh8 57. Qd6 Qe8 58. Kb4 Qe7 1-0

[Event "TUR-chT 1st League"]
[Site "Denizli"]
[Date "2023.07.10"]
[Round "3.43"]
[White "Yaylali, Adnan Dogan"]
[Black "Ataman, Alper Efe"]
[Result "1/2-1/2"]
[WhiteElo "1864"]
[BlackElo "2067"]
[PlyCount "102"]
[EventDate "2023.07.09"]
[EventType "team-swiss"]
[EventRounds "9"]
[EventCountry "TUR"]
[SourceTitle "CBM 215 Extra"]
[Source "ChessBase"]
[SourceDate "2023.09.30"]
[SourceVersion "1"]
[SourceVersionDate "2023.09.30"]
[SourceQuality "1"]
[WhiteTeam "Olbia Satranc"]
[BlackTeam "Bulancak Ihsaniye Genclik"]
[WhiteTeamCountry "TUR"]
[BlackTeamCountry "TUR"]

1. d4 g6 2. e4 Bg7 3. Nf3 c6 4. c4 d6 5. Nc3 Nd7 6. Be2 e5 7. 0-0 Ngf6 8. Be3 0-0 9. d5 cxd5 10. cxd5 Nc5 11. Nd2 a5 12. Rc1 b6 13. f3 Nh5 14. Nc4 Ba6 15. Rf2 f5 16. exf5 gxf5 17. b3 Nf4 18. Bf1 b5 19. Nb2 b4 20. Nca4 Nxa4 21. Nxa4 Bxf1 22. Qxf1 Ng6 23. Qb5 e4 24. f4 Rb8 25. Qf1 Kh8 26. Rfc2 Ne7 27. Rd1 Rg8 28. Qa6 Ra8 29. Qb7 Rb8 30. Qc7 Bf6 31. Qxd8 Rgxd8 32. Nb6 Bc3 33. Nc4 Rb5 34. Bb6 Rd7 35. Bxa5 Rxd5 36. Rxd5 Nxd5 37. g3 Nf6 38. Kf1 d5 39. Ne5 Ra7 40. Nc6 Rb7 41. a3 d4 42. Bxb4 Bxb4 43. Nxb4 Ng4 44. Rc8+ Kg7 45. h3 Ne3+ 46. Ke2 Ra7 47. Nc6 Rd7 48. Nxd4 Rxd4 49. Kxe3 Rd3+ 50. Kf2 Rf3+ 51. Kg2 Rxb3 1/2-1/2

[Event "Titled Tuesday intern op 03rd Aug"]
[Site "Chess.com INT"]
[Date "2021.08.03"]
[Round "8"]
[White "Ataman, Alper Efe"]
[Black "Petriashvili, Nikoloz"]
[Result "1-0"]
[WhiteElo "2155"]
[BlackElo "2432"]
[PlyCount "65"]
[EventDate "2021.08.03"]
[EventType "swiss (blitz)"]
[EventRounds "11"]
[EventCountry "USA"]
[SourceTitle "CBM 203 Extra"]
[Source "ChessBase"]
[SourceDate "2021.09.30"]
[SourceVersion "1"]
[SourceVersionDate "2021.09.30"]
[SourceQuality "1"]

1. g3 d6 2. Bg2 Nf6 3. d3 g6 4. Nd2 Bg7 5. e4 0-0 6. Ngf3 Nc6 7. 0-0 Bg4 8. h3 Bxf3 9. Nxf3 Nd7 10. c3 Nce5 11. Ne1 c5 12. f4 Nc6 13. Be3 Rc8 14. Nf3 b5 15. a3 Nb6 16. f5 a5 17. g4 b4 18. Qd2 Na7 19. axb4 cxb4 20. c4 Nc6 21. g5 Nd7 22. d4 Qc7 23. Rac1 Rfe8 24. h4 a4 25. h5 a3 26. b3 Ra8 27. Bh3 Nf8 28. Nh4 a2 29. f6 Bh8 30. Ra1 exf6 31. gxf6 Rxe4 32. Nf5 Rae8 33. Nh6# 1-0

[Event "TUR-chT 1st League"]
[Site "Konya"]
[Date "2019.07.25"]
[Round "6.5"]
[White "Ataman, Alper Efe"]
[Black "Yaylali, Adnan Dogan"]
[Result "1-0"]
[WhiteElo "2190"]
[BlackElo "1920"]
[PlyCount "111"]
[EventDate "2019.07.22"]
[EventType "team-swiss"]
[EventRounds "9"]
[EventCountry "TUR"]
[SourceTitle "CBM 191 Extra"]
[Source "ChessBase"]
[SourceDate "2019.09.30"]
[SourceVersion "1"]
[SourceVersionDate "2019.09.30"]
[SourceQuality "1"]
[WhiteTeam "Bulancak Ihsaniye Genclik"]
[BlackTeam "Olbia Satranc"]
[WhiteTeamCountry "TUR"]
[BlackTeamCountry "TUR"]

1. d4 e6 2. Nf3 f5 3. d5 exd5 4. Qxd5 d6 5. Ng5 Qd7 6. Nxh7 Ne7 7. Nxf8 Nxd5 8. Nxd7 Nxd7 9. g3 Ne5 10. c3 Be6 11. Bg2 0-0-0 12. 0-0 Rde8 13. Rd1 Nf6 14. Nd2 g5 15. Nf3 Nxf3+ 16. exf3 f4 17. Re1 Bc4 18. Bd2 Be2 19. gxf4 gxf4 20. Bxf4 Rhg8 21. Bg3 Kb8 22. Rac1 a6 23. c4 Ka7 24. b3 Kb6 25. Rc3 Kc5 26. Re3 Bd3 27. Rd1 Bf5 28. Bh4 Bh3 29. Bg3 Bf5 30. Kf1 Kb4 31. Ke2 Ka3 32. Kd2 Nh5 33. Rde1 Nf6 34. Kc3 b5 35. cxb5 Nd5+ 36. Kd2 Nxe3 37. fxe3 axb5 38. Bf1 Rb8 39. e4 Be6 40. Rc1 Rgc8 41. Kc2 Rb6 42. Kb1 c5 43. Bf2 Rb7 44. Be1 c4 45. b4 c3 46. Rxc3+ Rxc3 47. Bxc3 Bxa2+ 48. Kc2 Bb3+ 49. Kd2 Ka4 50. f4 Rh7 51. h3 Be6 52. f5 Bd7 53. Kc2 d5 54. Kb2 d4 55. Bd2 Rg7 56. Bd3 1-0

[Event "TUR-chT 1st League"]
[Site "Konya"]
[Date "2019.07.25"]
[Round "5.4"]
[White "Molla, Ersen"]
[Black "Ataman, Alper Efe"]
[Result "1/2-1/2"]
[WhiteElo "1982"]
[BlackElo "2190"]
[PlyCount "68"]
[EventDate "2019.07.22"]
[EventType "team-swiss"]
[EventRounds "9"]
[EventCountry "TUR"]
[SourceTitle "CBM 191 Extra"]
[Source "ChessBase"]
[SourceDate "2019.09.30"]
[SourceVersion "1"]
[SourceVersionDate "2019.09.30"]
[SourceQuality "1"]
[WhiteTeam "Karsiyaka Ihtisas"]
[BlackTeam "Bulancak Ihsaniye Genclik"]
[WhiteTeamCountry "TUR"]
[BlackTeamCountry "TUR"]

1. e4 c5 2. Nc3 Nc6 3. f4 e6 4. Nf3 Nge7 5. d4 cxd4 6. Nxd4 d5 7. Be3 a6 8. Nb3 dxe4 9. Qxd8+ Nxd8 10. Nxe4 Nd5 11. Bd2 Be7 12. 0-0-0 0-0 13. Be2 Nc6 14. Bf3 e5 15. Nd6 Nxf4 16. Bxf4 exf4 17. Nxc8 Raxc8 18. Rd7 Bf6 19. Rxb7 Ne5 20. Be2 Rfd8 21. Rd1 g5 22. Rxd8+ Rxd8 23. c3 Nd3+ 24. Bxd3 Rxd3 25. Kc2 f3 26. gxf3 Rxf3 27. Nd4 Bxd4 28. cxd4 Rh3 29. d5 Kf8 30. d6 Ke8 31. Re7+ Kd8 32. Rxf7 Rxh2+ 33. Kc3 Rh6 34. Rg7 Rxd6 1/2-1/2

[Event "TUR-chT 1st League"]
[Site "Konya"]
[Date "2019.07.23"]
[Round "3.4"]
[White "Ermis, Mehmet Eren"]
[Black "Ataman, Alper Efe"]
[Result "1-0"]
[WhiteElo "1961"]
[BlackElo "2190"]
[PlyCount "130"]
[EventDate "2019.07.22"]
[EventType "team-swiss"]
[EventRounds "9"]
[EventCountry "TUR"]
[SourceTitle "CBM 191 Extra"]
[Source "ChessBase"]
[SourceDate "2019.09.30"]
[SourceVersion "1"]
[SourceVersionDate "2019.09.30"]
[SourceQuality "1"]
[WhiteTeam "Burdurspor Dernegi"]
[BlackTeam "Bulancak Ihsaniye Genclik"]
[WhiteTeamCountry "TUR"]
[BlackTeamCountry "TUR"]

1. d4 Nf6 2. c4 e6 3. Nc3 c5 4. d5 exd5 5. cxd5 d6 6. Nf3 g6 7. Bf4 a6 8. a4 Bg7 9. h3 0-0 10. e3 Qe7 11. Be2 Nbd7 12. 0-0 Ne8 13. Nd2 Ne5 14. Bg3 f5 15. f4 Nf7 16. Nc4 Rb8 17. a5 Bd7 18. Qd2 Nf6 19. Bh4 Bb5 20. Nxb5 axb5 21. Na3 Rfe8 22. Bxf6 Bxf6 23. Rf3 b4 24. Nc4 Qd7 25. Nb6 Qe7 26. Bb5 Red8 27. Bd3 Qc7 28. Qc2 Ra8 29. Nxa8 Rxa8 30. g4 fxg4 31. hxg4 Rxa5 32. Rxa5 Qxa5 33. b3 Kg7 34. g5 Bc3 35. Kg2 b5 36. Rh3 Qa6 37. Rh1 c4 38. Be2 Qa7 39. Kf3 cxb3 40. Qxb3 Qc5 41. Qd1 h6 42. gxh6+ Nxh6 43. e4 Qc8 44. Qg1 Bf6 45. Bd3 Qc3 46. Qe3 Bd4 47. Qe2 b3 48. Rb1 Qc8 49. Qg2 b2 50. f5 Qe8 51. Qxg6+ Qxg6 52. fxg6 Be5 53. Bxb5 Kxg6 54. Bd7 Nf7 55. Ke3 Bf6 56. Be8 Bg5+ 57. Kd3 Bc1 58. Kc2 Kf6 59. Bxf7 Kxf7 60. Rxb2 Bxb2 61. Kxb2 Kg6 62. Kc3 Kg5 63. Kc4 Kg4 64. Kb5 Kf4 65. Kc6 Kxe4 1-0

[Event "TUR-chT 2nd League"]
[Site "Konya"]
[Date "2017.07.21"]
[Round "7.2"]
[White "Demirag, Batuhan"]
[Black "Ataman, Alper Efe"]
[Result "1/2-1/2"]
[WhiteElo "1914"]
[BlackElo "2175"]
[PlyCount "67"]
[EventDate "2017.07.17"]
[EventType "team-swiss"]
[EventRounds "9"]
[EventCountry "TUR"]
[SourceTitle "CBM 179 Extra"]
[Source "ChessBase"]
[SourceDate "2017.08.23"]
[SourceVersion "1"]
[SourceVersionDate "2017.08.23"]
[SourceQuality "1"]
[WhiteTeam "Mugla Ortaca Belediye"]
[BlackTeam "Bulancak Ihsaniye Genclik"]
[WhiteTeamCountry "TUR"]
[BlackTeamCountry "TUR"]

1. Nf3 Nf6 2. c4 g6 3. b3 Bg7 4. Bb2 0-0 5. g3 c6 6. Bg2 d5 7. 0-0 Nbd7 8. e3 Re8 9. d4 Ne4 10. Qe2 a5 11. Nc3 Nxc3 12. Bxc3 e6 13. Rfd1 b6 14. Rac1 Ba6 15. Bb2 Qb8 16. Qc2 Rc8 17. e4 Bb7 18. Qe2 Nf6 19. e5 Ne8 20. h4 a4 21. Rc2 axb3 22. axb3 c5 23. h5 Rd8 24. hxg6 hxg6 25. Qe3 dxc4 26. bxc4 Nc7 27. Qf4 Bxf3 28. Bxf3 Ra4 29. Qc1 cxd4 30. Bxd4 b5 31. Kg2 Rxc4 32. Rxc4 bxc4 33. Qxc4 Nd5 34. Qe2 1/2-1/2

[Event "TUR-chT 2nd League"]
[Site "Konya"]
[Date "2017.07.18"]
[Round "3.4"]
[White "Ataman, Alper Efe"]
[Black "Dogdu, Mehmet"]
[Result "1-0"]
[WhiteElo "2175"]
[BlackElo "1985"]
[PlyCount "107"]
[EventDate "2017.07.17"]
[EventType "team-swiss"]
[EventRounds "9"]
[EventCountry "TUR"]
[SourceTitle "CBM 179 Extra"]
[Source "ChessBase"]
[SourceDate "2017.08.23"]
[SourceVersion "1"]
[SourceVersionDate "2017.08.23"]
[SourceQuality "1"]
[WhiteTeam "Bulancak Ihsaniye Genclik"]
[BlackTeam "Konya Erkin"]
[WhiteTeamCountry "TUR"]
[BlackTeamCountry "TUR"]

1. d4 Nf6 2. c4 e6 3. Nf3 b6 4. a3 Bb7 5. Nc3 g6 6. Bg5 Bg7 7. e3 d6 8. Be2 Nbd7 9. 0-0 0-0 10. b4 Qe7 11. Qb3 Rab8 12. Rad1 h6 13. Bh4 g5 14. Bg3 Nh5 15. Nd2 Nxg3 16. fxg3 c5 17. Nf3 d5 18. Kh1 dxc4 19. Bxc4 cxd4 20. exd4 Nf6 21. Ne5 Rbc8 22. Rfe1 a6 23. a4 Qc7 24. Rc1 Qd6 25. Rcd1 Rc7 26. b5 a5 27. Nxf7 Qb4 28. Nd6 Bd5 29. Nxd5 exd5 30. Bxd5+ Nxd5 31. Qxd5+ Kh8 32. Nf5 Rcf7 33. g4 Qxa4 34. h3 Qc2 35. Rc1 Qd2 36. Red1 Qe2 37. Re1 Qd2 38. Rg1 Qf4 39. Rc6 Rf6 40. Rxf6 Rxf6 41. Qd8+ Kh7 42. Qd7 Rg6 43. Re1 Qf2 44. Qe7 Qd2 45. Qe4 Rf6 46. d5 a4 47. Qb1 Kh8 48. d6 a3 49. Re8+ Bf8 50. Ra8 Kg8 51. Qb3+ Kh7 52. Ra7+ Kh8 53. Qxa3 Bxd6 54. Ra8+ 1-0

[Event "Izmir MTS 4th"]
[Site "Izmir"]
[Date "2015.06.27"]
[Round "9"]
[White "Ataman, Alper Efe"]
[Black "Yurtseven, Melih"]
[Result "1-0"]
[WhiteElo "2164"]
[BlackElo "2355"]
[PlyCount "89"]
[EventDate "2015.06.23"]
[EventType "tourn"]
[EventRounds "9"]
[EventCountry "TUR"]
[EventCategory "6"]
[SourceTitle "CBM 167 Extra"]
[Source "ChessBase"]
[SourceDate "2015.09.14"]
[SourceVersion "1"]
[SourceVersionDate "2015.09.14"]
[SourceQuality "1"]

1. d4 Nf6 2. c4 g6 3. Nc3 Bg7 4. e4 0-0 5. Nf3 c5 6. d5 d6 7. Nd2 e6 8. Be2 exd5 9. cxd5 Re8 10. 0-0 a6 11. a4 Nbd7 12. Qc2 Ne5 13. Ra3 g5 14. Re1 Rb8 15. Nf1 h6 16. Ng3 Bd7 17. a5 Qc7 18. Nd1 Ng6 19. Ne3 Kh7 20. Bd2 Rbc8 21. Bc3 Bb5 22. Nef5 Bh8 23. Bd1 Bd7 24. Bd2 Re5 25. Bc3 Rce8 26. Bxe5 Rxe5 27. Ne3 Bb5 28. Bg4 Nf4 29. Bf5+ Kg8 30. Rd1 Qe7 31. Nc4 Bxc4 32. Qxc4 h5 33. Re3 Ne8 34. Qb3 Nf6 35. Rde1 Qc7 36. Qb6 Qb8 37. Rb3 Re7 38. Qxa6 N6xd5 39. Rd1 h4 40. Nf1 Nb4 41. Qxd6 Qxd6 42. Rxd6 Ne2+ 43. Kh1 Nd4 44. Rd8+ Kg7 45. Rxd4 1-0

[Event "Cesme op 3rd"]
[Site "Cesme"]
[Date "2015.06.18"]
[Round "6"]
[White "Solodovnichenko, Yuri"]
[Black "Ataman, Alper Efe"]
[Result "1-0"]
[WhiteElo "2587"]
[BlackElo "2164"]
[PlyCount "77"]
[EventDate "2015.06.15"]
[EventType "swiss"]
[EventRounds "9"]
[EventCountry "TUR"]
[SourceTitle "CBM 167 Extra"]
[Source "ChessBase"]
[SourceDate "2015.09.14"]
[SourceVersion "1"]
[SourceVersionDate "2015.09.14"]
[SourceQuality "1"]

1. e4 e5 2. Nf3 Nc6 3. Bb5 a6 4. Ba4 Nf6 5. 0-0 Be7 6. Re1 b5 7. Bb3 d6 8. c3 0-0 9. h3 Nb8 10. d4 Nbd7 11. Nbd2 Bb7 12. Bc2 c6 13. b3 Qc7 14. Bb2 Rac8 15. Bd3 g6 16. Qc2 Rfe8 17. Rad1 Bf8 18. a4 Bg7 19. dxe5 Nxe5 20. Nxe5 dxe5 21. b4 Bf8 22. Nb3 Nd7 23. Ba3 Nb6 24. a5 Nc4 25. Bxc4 bxc4 26. Nc5 Rcd8 27. Na4 Bc8 28. Bc1 Rxd1 29. Rxd1 c5 30. Nxc5 Bxc5 31. bxc5 Qxa5 32. c6 Be6 33. Bh6 f6 34. Rb1 Qc7 35. Qa4 Rc8 36. Qxa6 g5 37. Rb7 Qxc6 38. Qa7 Qxe4 39. Rg7+ 1-0

[Event "TUR-chT"]
[Site "Kocaeli"]
[Date "2014.08.27"]
[Round "11.1"]
[White "Keler, Faruk"]
[Black "Ataman, Alper Efe"]
[Result "1/2-1/2"]
[WhiteElo "2242"]
[BlackElo "2141"]
[PlyCount "39"]
[EventDate "2014.08.18"]
[EventType "team-tourn"]
[EventRounds "13"]
[EventCountry "TUR"]
[SourceTitle "CBM 162 Extra"]
[Source "ChessBase"]
[SourceDate "2014.10.17"]
[SourceVersion "1"]
[SourceVersionDate "2014.10.17"]
[SourceQuality "1"]
[WhiteTeam "Ankara Demirspor"]
[BlackTeam "Mersin Ezgi"]
[WhiteTeamCountry "TUR"]
[BlackTeamCountry "TUR"]

1. d4 g6 2. c4 Bg7 3. Nf3 d6 4. g3 Nd7 5. Bg2 e5 6. Nc3 Ne7 7. 0-0 0-0 8. e4 exd4 9. Nxd4 Nc6 10. Nde2 a5 11. Rb1 Nc5 12. Be3 Re8 13. Bxc5 dxc5 14. Qxd8 Nxd8 15. Nd5 Ne6 16. Nef4 Be5 17. Nd3 Bd4 18. N3f4 Be5 19. Nd3 Bd4 20. N3f4 1/2-1/2

[Event "TUR-chT"]
[Site "Kocaeli"]
[Date "2014.08.26"]
[Round "10.3"]
[White "Ataman, Alper Efe"]
[Black "Ipatov, Alexander"]
[Result "0-1"]
[WhiteElo "2141"]
[BlackElo "2614"]
[PlyCount "72"]
[EventDate "2014.08.18"]
[EventType "team-tourn"]
[EventRounds "13"]
[EventCountry "TUR"]
[SourceTitle "CBM 162 Extra"]
[Source "ChessBase"]
[SourceDate "2014.10.17"]
[SourceVersion "1"]
[SourceVersionDate "2014.10.17"]
[SourceQuality "1"]
[WhiteTeam "Mersin Ezgi"]
[BlackTeam "Istanbul Teknik Uni"]
[WhiteTeamCountry "TUR"]
[BlackTeamCountry "TUR"]

1. d4 Nf6 2. c4 e6 3. Nf3 b6 4. a3 Bb7 5. Nc3 g6 6. d5 Bg7 7. g3 exd5 8. cxd5 0-0 9. Bg2 c6 10. d6 Na6 11. 0-0 Nc5 12. Be3 Nfe4 13. Nxe4 Nxe4 14. Bd4 Bxd4 15. Qxd4 c5 16. Qd3 Qf6 17. Ng5 Qxg5 18. Bxe4 Bxe4 19. Qxe4 Qd2 20. Qg4 Qxd6 21. Rad1 Qe5 22. Rxd7 Qxb2 23. Qf3 Rac8 24. Rxa7 c4 25. Ra4 c3 26. Rb4 Qd2 27. Rbb1 c2 28. Rbc1 Rfd8 29. Kg2 b5 30. e4 Qd3 31. Qf4 Qxa3 32. h4 Qd6 33. e5 Qd4 34. Qg5 b4 35. h5 b3 36. hxg6 Qe4+ 0-1

[Event "TUR-chT"]
[Site "Kocaeli"]
[Date "2014.08.25"]
[Round "8.6"]
[White "Yurtseven, Melih"]
[Black "Ataman, Alper Efe"]
[Result "1-0"]
[WhiteElo "2271"]
[BlackElo "2141"]
[PlyCount "95"]
[EventDate "2014.08.18"]
[EventType "team-tourn"]
[EventRounds "13"]
[EventCountry "TUR"]
[SourceTitle "CBM 162 Extra"]
[Source "ChessBase"]
[SourceDate "2014.10.17"]
[SourceVersion "1"]
[SourceVersionDate "2014.10.17"]
[SourceQuality "1"]
[WhiteTeam "Antalya Calli"]
[BlackTeam "Mersin Ezgi"]
[WhiteTeamCountry "TUR"]
[BlackTeamCountry "TUR"]

1. e4 g6 2. d4 Bg7 3. Nf3 d6 4. Bc4 Nf6 5. Qe2 0-0 6. h3 c6 7. e5 Nd5 8. 0-0 Na6 9. a3 Nac7 10. Bb3 b5 11. Nbd2 h6 12. Ne4 Be6 13. Ng3 Qd7 14. Qe4 f5 15. Qd3 Qe8 16. c3 Qf7 17. Bc2 Rad8 18. Re1 c5 19. a4 c4 20. Qe2 b4 21. Bd2 a5 22. h4 b3 23. Bb1 f4 24. Nf1 Nb6 25. h5 Bf5 26. Bxf5 Qxf5 27. Nh4 Qxh5 28. Qxh5 gxh5 29. Ng6 dxe5 30. dxe5 Ne6 31. Nxf8 Rxf8 32. Re4 Nc5 33. Rxf4 Nd3 34. Rxf8+ Kxf8 35. Be3 Nd5 36. Nd2 Nxe3 37. fxe3 Nxe5 38. Rf1+ Ke8 39. Rf4 Nd3 40. Nxc4 Nxf4 41. exf4 Kd7 42. Nd2 Kc6 43. Nxb3 Kb6 44. Kf2 Bf6 45. Ke3 h4 46. Ke4 Ka6 47. Kd5 Kb6 48. Nd2 1-0

[Event "TUR-chT"]
[Site "Kocaeli"]
[Date "2014.08.22"]
[Round "5.2"]
[White "Ataman, Alper Efe"]
[Black "Javakhadze, Zurab"]
[Result "1-0"]
[WhiteElo "2141"]
[BlackElo "2423"]
[PlyCount "61"]
[EventDate "2014.08.18"]
[EventType "team-tourn"]
[EventRounds "13"]
[EventCountry "TUR"]
[SourceTitle "CBM 162 Extra"]
[Source "ChessBase"]
[SourceDate "2014.10.17"]
[SourceVersion "1"]
[SourceVersionDate "2014.10.17"]
[SourceQuality "1"]
[WhiteTeam "Mersin Ezgi"]
[BlackTeam "Kahramanmaras Buyuksehir"]
[WhiteTeamCountry "TUR"]
[BlackTeamCountry "TUR"]

1. d4 d5 2. c4 e6 3. cxd5 exd5 4. Nc3 c6 5. Bf4 Bf5 6. e3 Qb6 7. Qd2 Nf6 8. f3 Nbd7 9. g4 Be6 10. Bd3 c5 11. Nge2 h6 12. h4 a6 13. Kf2 cxd4 14. exd4 Bd6 15. Bxd6 Qxd6 16. Qf4 Ke7 17. Rae1 Qxf4 18. Nxf4 Kd6 19. g5 Ng8 20. g6 Ne7 21. Rhg1 Rag8 22. Re2 Nf8 23. h5 Nc6 24. Ke3 fxg6 25. Bxg6 Ne7 26. Kd3 Nexg6 27. Rxg6 Nxg6 28. Rxe6+ Kd7 29. Rxg6 Rh7 30. Rb6 Rf8 31. Ncxd5 1-0

[Event "TUR-chT"]
[Site "Denizli"]
[Date "2013.07.07"]
[Round "10.6"]
[White "Ataman, Alper Efe"]
[Black "Dogan, Ali Ekber"]
[Result "0-1"]
[WhiteElo "2159"]
[BlackElo "2179"]
[PlyCount "66"]
[EventDate "2013.06.29"]
[EventType "team-tourn"]
[EventRounds "13"]
[EventCountry "TUR"]
[SourceTitle "CBM 155 Extra"]
[Source "ChessBase"]
[SourceDate "2013.08.26"]
[SourceVersion "1"]
[SourceVersionDate "2013.08.26"]
[SourceQuality "1"]
[WhiteTeam "Alyans Satranc"]
[BlackTeam "Ezgi Kulubu"]
[WhiteTeamCountry "TUR"]
[BlackTeamCountry "TUR"]

1. d4 Nf6 2. c4 g6 3. Nc3 Bg7 4. e4 d6 5. Bd3 Nfd7 6. Nge2 0-0 7. Bg5 c5 8. d5 Ne5 9. 0-0 a6 10. a4 b6 11. Ng3 h6 12. Bf4 Nxd3 13. Qxd3 Nd7 14. Qe2 Ne5 15. h3 e6 16. Bd2 Qh4 17. Ra3 f5 18. exf5 exf5 19. f4 Qxg3 20. Ne4 Qh4 21. Nxd6 Nf7 22. Nxf7 Kxf7 23. g3 Qd8 24. Bc3 Bxc3 25. Rxc3 Re8 26. Qf3 Qf6 27. Rd1 Bd7 28. b3 Re4 29. a5 bxa5 30. Rcd3 Rae8 31. Qf2 Re2 32. Qxc5 Qb2 33. Kf1 Rh2 0-1

[Event "TUR-chT"]
[Site "Denizli"]
[Date "2013.06.29"]
[Round "1.6"]
[White "Dogan, Nazmi Can"]
[Black "Ataman, Alper Efe"]
[Result "1-0"]
[WhiteElo "2105"]
[BlackElo "2159"]
[PlyCount "61"]
[EventDate "2013.06.29"]
[EventType "team-tourn"]
[EventRounds "13"]
[EventCountry "TUR"]
[SourceTitle "CBM 155 Extra"]
[Source "ChessBase"]
[SourceDate "2013.08.26"]
[SourceVersion "1"]
[SourceVersionDate "2013.08.26"]
[SourceQuality "1"]
[WhiteTeam "Akdeniz Belediyesi"]
[BlackTeam "Alyans Satranc"]
[WhiteTeamCountry "TUR"]
[BlackTeamCountry "TUR"]

1. e4 c5 2. Nf3 Nc6 3. d4 cxd4 4. Nxd4 Nf6 5. Nc3 d6 6. Bc4 Bd7 7. Bb3 g6 8. Be3 Ng4 9. Nxc6 bxc6 10. Qd4 e5 11. Qc4 Qe7 12. 0-0 Bh6 13. Bxh6 Nxh6 14. Rad1 0-0 15. Qd3 Rad8 16. Qxd6 Qg5 17. Qd2 Qh4 18. Qe3 Ng4 19. Qg3 Qe7 20. Rd3 Bc8 21. Rfd1 Rxd3 22. Qxd3 Qg5 23. h3 Nh6 24. Qd2 Qh5 25. Qe3 Kg7 26. Rd6 g5 27. Qg3 f6 28. Rxc6 Qg6 29. Qd3 Qe8 30. Rc7+ Kh8 31. Qd6 1-0